000 01023akm a2200349a 44500
008 960109s cat
041 _acat
080 _a635.8(460.32)(038)
110 _aBalears. Govern. Direcció General del Medi Ambient
_964800
245 _aBolets de les Balears II: Algunes espècies tòxiques
245 _cBalears. Govern. Direcció General del Medi Ambient
245 _cMuseu Balear de Ciències Naturals.
245 _h[cartell]
260 _a[Palma de Mallorca]
260 _bGovern Balear
300 _bil.
490 _aCampanya d'Educació Ambiental
520 _a10
522 _aIlles Balears
591 _a3811
592 _aObra terminològica
593 _aDF
594 _a3811
650 _abolets
_961645
710 _aMuseu Balear de Ciències Naturals
_964801
830 _aCampanya d'Educació Ambiental
_964802
901 _c[<19-->]
902 _a960109
942 _cMO
_n0
999 _c53990
_d53990